Estatísticas para Cultura Geral

Clique aqui para jogar o quiz

Estatísticas Gerais

  • Esse quiz foi jogado 10 vezes
  • A pontuação média é 5 de 21

Estatísticas das Respostas

HintResposta% Correto
Que supostamente morreu aos 42 anos em 1977 - embora algumas pessoas
não tem tanta certeza?
Elvis Presley
75%
Que corpo de água liga o Mar das Caraíbas ao Oceano Pacífico?Canal do Panamá
63%
Que elemento metálico, começando com C, é usado para fazer pigmentos azuis?Cobalto
50%
Que ilha era o centro da civilização minóica?Creta
50%
Que doença está associada à hidrofobia?Raiva
50%
Em que país você encontraria o maior estádio do mundo: Estádio Rungrado 1º de Maio?Coreia do Norte
38%
O betuminoso e o antracite são tipos de quê?Carvão
25%
Que erva, comum na comida mexicana, tem gosto de sabão para pessoas que têm um determinado gene?Coentro
25%
U2 é uma banda. O que é um U-2?Avião
13%
O que são Assam e Ceilão?Chá
13%
Qual empresa domina a indústria de diamantes?De Beers
13%
Qual cidade o Flautista livrou os ratos?Hamelin
13%
Quem é (geralmente) perseguido por Blinky, Inky, Pinky e Clyde?Pac-Man
13%
Quem Ringo Starr substituiu como baterista dos Beatles?Pete Best
13%
Que unidade é definida como exatamente 149.597.870.700 metros - a distância aproximada entre a Terra e o Sol?Unidade astronómica
13%
New Providence é a ilha mais populosa de qual país?Bahamas
0%
O que é pulcritude?Beleza
0%
Que nome se dá à fobia do escuro?Nictofobia
0%
O que é o estudo dos cheiros e processos olfativos?Osmologia
0%
Que doce foi dado ao E.T.?Reese's
0%
Em que jogo você pode obter 50 pontos extras por usar todas as suas peças?Scrabble
0%

Distribuição das Pontuações

Percentil de Números Respondidos

Porcentagem de Pessoas com Cada Pontuação

Sua Pontuação Histórica

Você não jogou esse quiz